| 000 | 00502nam a2200181Ia 4500 | ||
|---|---|---|---|
| 001 | 179 | ||
| 003 | GE_BSU | ||
| 008 | 181216s||||||||xx |||||||||||||| ||und|| | ||
| 040 | _cGE_BSU | ||
| 245 | _aსაქართველო. თბილისი | ||
| 245 | _b1:600 000 | ||
| 245 | _cრედაქტორი ფეიქრიშვილი,ნ. | ||
| 541 | _h20 ლ. | ||
| 653 | _aთბილისი | ||
| 653 | _aრუკა | ||
| 653 | _aსაქართველო | ||
| 942 | _cMP | ||
| 999 |
_c34437 _d34437 |
||